[Event "ROU-ch Men 2018"]
[Site "Olanesti"]
[Date "2018.05.21"]
[Round "8"]
[White "Craciun, Ovidiu"]
[Black "Pop, Alexandru"]
[Result "0-1"]
[WhiteElo "1931"]
[BlackElo "2302"]
[Annotator "TA"]
[PlyCount "70"]
[EventDate "2018.??.??"]
[EventType "swiss"]
[EventCountry "ROU"]
[SourceTitle "playchess.com"]
[Source "ChessBase"]
[SourceQuality "1"]

{[%evp 14,70,0,0,0,1,24,18,62,20,44,53,46,-18,70,-77,0,0,0,-29,-20,-64,-65,-62,-73,-97,50,-141,-52,-75,-58,-152,-153,-141,-142,-152,-143,-153,-132,-128,-141,-220,-266,-245,-270,-277,-260,-270,-256,-264,-250,-284,-273,-280,-279,-279,-267,-355,-347]} 1. e4 c5 2. Nf3 d6 3. d4 cxd4 4. Nxd4 Nf6 5. Nc3 a6 6. Bg5 e6 7. Be2 Be7 8. Qd3 {LiveBook: 40 Partien} O-O {B95: Sizilianisch (Najdorf-Variante mit 6.Lg5)} (8... Nbd7 9. O-O h6 10. Bd2 Nc5 11. Qe3 e5 12. Nb3 Ne6 13. Na4 O-O 14. Ba5 Qe8 15. Nb6 Rb8 16. g3 Qc6 {0-1 (54) Lybin,D (2556)-De Oliveira,J (2574) ICCF email 2009}) 9. O-O-O Nbd7 10. Qg3 Qc7 {Die Stellung ist ausgeglichen.} 11. h4 {[%cal Bh2h4,Bh4h5,Bh5h6][%mdl 32]} b5 12. h5 {zielt auf Lh6 ab.} Kh8 {...b4 ist eine echte Drohung.} 13. a3 $146 (13. h6 $14 g6 14. a3) ({Vorgänger:} 13. h6 g6 14. Qh4 b4 15. Nd5 exd5 16. exd5 Bb7 17. Bf3 Rac8 18. Bf4 Bd8 19. Nc6 Bxc6 20. Bxd6 Nxd5 21. Qd4+ Bf6 {0-1 (21) Giurumia,S (2220)-Constantin,A (2115) Romania 1993}) 13... Bb7 (13... h6 $11 14. Bh4 Bb7) 14. Bd3 {[#]} (14. h6 $14 {behält die Oberhand.} g6 15. Bf3) 14... Rfc8 (14... h6 $1 $17 {[%cal Rh6g5]} 15. Be3 Nc5) 15. h6 $11 g6 16. Qh4 Qb6 17. Nde2 b4 18. axb4 Qxb4 19. f4 Rc5 (19... Rab8 $17 20. e5 dxe5 21. fxe5 Qxh4 22. Rxh4 Nxe5) 20. Qf2 $2 (20. e5 $1 $14 {war der einzige gute Zug.}) 20... Rac8 ({Und nicht} 20... Bxe4 21. Nxe4 Nxe4 22. Bxe4 $14) (20... Bc6 $17 {Droht ...Tb8 und aus.} 21. Na2 Qa5) 21. Qd4 $15 Qa5 $36 {[%mdl 2048] Schwarz drückt.} 22. b4 ({Lieber} 22. Kb1 $15 Bc6 23. Na2) 22... Qa3+ $17 23. Kd2 e5 24. Nb1 Qa2 25. Nbc3 Qb2 26. fxe5 dxe5 {[#]} 27. Bxf6+ (27. Qxc5 $1 $17 {[%mdl 512] war die einzige Verteidigung.} Nxc5 (27... Rxc5 28. Rb1) 28. bxc5) 27... Nxf6 $19 28. Qxc5 Bxc5 29. Rb1 {[#]} Qxb4 $1 30. Rxb4 Bxb4 31. Rb1 a5 32. Kc1 Kg8 33. Kb2 Bc6 34. Rf1 Ng4 35. Na2 Bf8 {Precision: Weiß = 28%, Schwarz = 47%.} 0-1

[Event "ROU-ch Men 2018"]
[Site "Olanesti"]
[Date "2018.05.21"]
[Round "8"]
[White "Stan, Andrei-Mihaita"]
[Black "Rauca, Horatiu-Augustin"]
[Result "1/2-1/2"]
[WhiteElo "1860"]
[BlackElo "1897"]
[Annotator "NA"]
[PlyCount "27"]
[EventDate "2018.??.??"]
[EventType "swiss"]
[EventCountry "ROU"]
[SourceTitle "playchess.com"]
[Source "ChessBase"]
[SourceQuality "1"]
[TimeControl "40/5400+30:1800+30"]

1. d4 {[%emt 0:00:00]} Nf6 {[%emt 0:00:36]} 2. c4 {[%emt 0:00:04]} e5 {[%emt 0:00:39]} 3. dxe5 {[%emt 0:00:50]} Ng4 {[%emt 0:00:07]} 4. e4 {[%emt 0:02:08]} Nxe5 {[%emt 0:01:16]} 5. f4 {[%emt 0:01:34]} Nec6 {[%emt 0:02:36]} 6. Be3 {[%emt 0:03:49]} Bb4+ {[%emt 0:02:28]} 7. Nd2 {[%emt 0:05:17]} Qe7 {[%emt 0:04:55]} 8. Bd3 {[%emt 0:01:23]} Na6 {[%emt 0:04:46]} 9. Qe2 {[%emt 0:05:52]} Nc5 {[%emt 0:01:48]} 10. Bxc5 {[%emt 0:11:48]} Bxc5 {[%emt 0:15:03]} 11. Ngf3 {[%emt 0:01:29]} d6 {[%emt 0:02:15]} 12. O-O-O {[%emt 0:01:27]} Bg4 {[%emt 0:02:19]} 13. Nb3 {[%emt 0:00:44]} O-O-O {[%emt 0:04:22]} 14. Bc2 {[%emt 0:14:20]} 1/2-1/2

[Event "ROU-ch Men 2018"]
[Site "Olanesti"]
[Date "2018.05.21"]
[Round "8"]
[White "Cenusa, Mihai"]
[Black "Tufa, Mihai"]
[Result "0-1"]
[WhiteElo "1819"]
[BlackElo "1915"]
[Annotator "NA RC"]
[PlyCount "196"]
[EventDate "2018.??.??"]
[EventType "swiss"]
[EventCountry "ROU"]
[SourceTitle "playchess.com"]
[Source "ChessBase"]
[SourceQuality "1"]
[TimeControl "40/5400+30:1800+30"]

1. c4 {[%emt 0:00:00]} e5 {[%emt 0:00:09]} 2. g3 {[%emt 0:00:00]} Nf6 {[%emt 0:00:10]} 3. Bg2 {[%emt 0:00:00]} Nc6 {[%emt 0:01:34]} 4. Nc3 {[%emt 0:00:19]} a6 {[%emt 0:01:43]} 5. Nf3 {[%emt 0:00:58]} Bc5 {[%emt 0:03:36]} 6. O-O {[%emt 0:02:56]} d6 {[%emt 0:00:27]} 7. e3 {[%emt 0:01:55]} O-O {[%emt 0:10:13]} 8. d4 {[%emt 0:00:41] A29: English Opening: Four Knights Variation with 4 g3} (8. h3 Ba7 9. d4 h6 10. dxe5 dxe5 11. Qxd8 Rxd8 12. b3 Be6 13. Ba3 Rd7 14. Rfd1 Rad8 15. Rxd7 Rxd7 {½-½ (41) Howell,D (2676)-Ponomariov,R (2694) Riadh 2017}) 8... Ba7 {[%emt 0:00:14]} 9. d5 {[%emt 0:00:49]} Ne7 {[%emt 0:01:39]} 10. e4 {[%emt 0:01:30]} h6 {[%emt 0:00:35]} 11. Be3 $146 {[%emt 0:01:08]} ({Predecessor:} 11. Qe2 b5 12. cxb5 axb5 13. b4 c5 14. dxc6 Nxc6 15. a3 Nd4 16. Nxd4 Bxd4 {1-0 (38) Czerwonski,A (2350)-Strzelecki,K (2415) Bielsko Biala 1990}) 11... Bxe3 {[%emt 0:12:35]} 12. fxe3 {[%emt 0:00:09]} Ng6 {[%emt 0:02:47]} 13. h3 {[%emt 0:01:49]} Bd7 {[%emt 0:02:00]} 14. Kh2 {[%emt 0:02:51]} c5 {[%emt 0:07:23]} 15. Nd2 {[%emt 0:02:41]} b5 {[%emt 0:00:47]} 16. b3 {[%emt 0:01:21]} Qa5 {[%emt 0:02:32]} 17. Ne2 {[%emt 0:01:15]} b4 {[%emt 0:00:21]} 18. Ng1 {[%emt 0:00:43]} Qa3 {[%emt 0:03:47]} 19. Qe2 {[%emt 0:05:31]} Qa5 {[%emt 0:00:40]} 20. Rf2 {[%emt 0:04:27]} Qd8 {[%emt 0:00:18]} 21. Raf1 {[%emt 0:02:33]} a5 {[%emt 0:00:59]} 22. Rf3 {[%emt 0:06:22]} a4 {[%emt 0:02:48]} 23. Qf2 {[%emt 0:01:32]} axb3 {[%emt 0:00:52]} 24. axb3 {[%emt 0:02:06]} Ra2 {[%emt 0:00:45]} 25. Qe1 {[%emt 0:02:12]} Qe7 {[%emt 0:00:31]} 26. R3f2 {[%emt 0:04:16]} Rfa8 {[%emt 0:00:41]} 27. Nb1 {[%emt 0:02:49]} Qd8 {[%emt 0:01:22]} 28. Ne2 {[%emt 0:02:01]} Rb2 {[%emt 0:01:13]} 29. Nd2 {[%emt 0:04:03]} Raa2 {[%emt 0:00:33]} 30. Nc1 {[%emt 0:00:14]} Ra1 {[%emt 0:00:33]} 31. Qe2 {[%emt 0:00:15]} Rc2 {[%emt 0:01:15]} 32. Nd3 {[%emt 0:05:48]} Rxf1 {[%emt 0:00:31]} 33. Qxf1 {[%emt 0:00:47]} Ra2 {[%emt 0:00:57]} 34. Qb1 {[%emt 0:06:13]} Qa5 {[%emt 0:01:37]} 35. Nf1 {[%emt 0:04:50]} Rxf2 {[%emt 0:04:31]} 36. Nxf2 {[%emt 0:00:06]} Qa3 {[%emt 0:03:13]} 37. Bf3 {[%emt 0:00:35]} Ne7 {[%emt 0:02:34]} 38. Nd2 {[%emt 0:00:32]} h5 {[%emt 0:01:31]} 39. Qd1 {[%emt 0:00:33]} Qb2 {[%emt 0:00:54]} 40. Kg1 {[%emt 0:00:00]} Qc3 {[%emt 0:05:14]} 41. Qe1 {[%emt 0:07:29]} g5 {[%emt 0:01:57]} 42. Nd1 {[%emt 0:01:38]} Qc2 {[%emt 0:00:30]} 43. Bg2 {[%emt 0:01:06]} Kg7 {[%emt 0:02:43]} 44. Kf2 {[%emt 0:02:01]} Kh6 {[%emt 0:01:52]} 45. Ke2 $2 {[%emt 0:00:32]} (45. Kg1 $15) 45... Nfg8 {[%emt 0:05:46]} 46. Nf2 {[%emt 0:01:20]} Qa2 {[%emt 0:01:14]} 47. g4 {[%emt 0:01:22]} h4 {[%emt 0:10:56]} 48. Nd3 {[%emt 0:02:16]} Ng6 {[%emt 0:01:05]} 49. Qf1 {[%emt 0:03:29]} f6 {[%emt 0:00:22]} 50. Qb1 {[%emt 0:00:29]} Qa3 {[%emt 0:01:29]} 51. Qb2 {[%emt 0:00:23]} Qa6 {[%emt 0:01:23]} 52. Nc1 {[%emt 0:00:10]} Nh8 {[%emt 0:01:01]} 53. Nf3 {[%emt 0:00:27]} Ne7 {[%emt 0:00:43]} 54. Kf1 {[%emt 0:00:25]} Nf7 {[%emt 0:00:26]} 55. Qa2 {[%emt 0:01:44]} Qxa2 {[%emt 0:02:51]} 56. Nxa2 {[%emt 0:00:05]} Nd8 {[%emt 0:00:15]} 57. Ne1 {[%emt 0:00:12]} Nb7 {[%emt 0:00:14]} 58. Bf3 {[%emt 0:03:03]} Na5 {[%emt 0:00:15]} 59. Bd1 {[%emt 0:00:10]} Nc8 {[%emt 0:00:16]} 60. Nd3 {[%emt 0:02:00]} Nb6 {[%emt 0:00:21]} 61. Kf2 {[%emt 0:00:36]} Kg7 {[%emt 0:04:14]} 62. Nb2 {[%emt 0:01:58]} Kf7 {[%emt 0:00:07]} 63. Nc1 {[%emt 0:00:30]} Ke7 {[%emt 0:00:26]} 64. Ke1 {[%emt 0:00:19]} Kd8 {[%emt 0:04:03]} 65. Kd2 {[%emt 0:00:10]} Kc7 {[%emt 0:00:53]} 66. Kd3 {[%emt 0:00:07]} Kd8 {[%emt 0:03:08]} 67. Be2 {[%emt 0:00:33]} Bc8 {[%emt 0:01:40]} 68. Nd1 {[%emt 0:00:28]} Kc7 {[%emt 0:02:50]} 69. Kc2 {[%emt 0:00:15]} Bd7 {[%emt 0:00:15]} 70. Nd3 {[%emt 0:00:20]} Bc8 {[%emt 0:00:10]} 71. Ne1 {[%emt 0:00:08]} Ba6 {[%emt 0:00:23]} 72. Ng2 {[%emt 0:00:31]} Nbxc4 {[%emt 0:02:50]} 73. Bxc4 {[%emt 0:05:49]} Nxc4 {[%emt 0:00:42]} 74. bxc4 {[%emt 0:00:04]} Bxc4 {[%emt 0:00:12]} 75. Nf2 {[%emt 0:00:05]} Bf1 {[%emt 0:01:35]} 76. Ne1 {[%emt 0:01:07]} c4 {[%emt 0:00:21]} 77. Kd2 $2 {[%emt 0:01:31]} (77. Nf3 $17 {was the only chance.}) 77... Kb6 {[%emt 0:00:34]} 78. Nc2 {[%emt 0:00:16]} Kb5 {[%emt 0:00:52]} 79. Ke1 {[%emt 0:03:17]} b3 {[%emt 0:02:25]} 80. Na3+ {[%emt 0:00:49]} Kb4 {[%emt 0:00:17]} 81. Nb1 {[%emt 0:00:17] [#]} c3 $2 {[%emt 0:03:40]} (81... Bxh3 $1 $19 {[%mdl 512] is more deadly.} 82. Nxh3 c3) 82. Kxf1 {[%emt 0:00:38] [#]} c2 {[%emt 0:06:22]} ({Günstiger ist} 82... b2 $1 $17 83. Nd3+ Kb3) 83. Nd3+ {[%emt 0:02:16]} Kc4 {[%emt 0:01:15]} 84. Nd2+ $2 {[%emt 0:02:30]} Kxd3 {[%emt 0:00:25]} 85. Nxb3 {[%emt 0:00:07]} Kc3 {[%emt 0:00:09]} 86. Nc1 {[%emt 0:01:40]} Kd2 {[%emt 0:00:13]} 87. Nb3+ {[%emt 0:07:36]} Kd1 {[%emt 0:00:15]} 88. Kg2 {[%emt 0:06:36]} c1=Q {[%emt 0:00:13]} 89. Nxc1 {[%emt 0:00:11]} Kxc1 {[%emt 0:00:06]} 90. Kg1 {[%emt 0:01:43]} Kc2 {[%emt 0:00:30]} 91. Kg2 {[%emt 0:00:23]} Kc3 {[%emt 0:00:49]} 92. Kf1 {[%emt 0:04:35]} Kd3 {[%emt 0:00:19]} 93. Kf2 {[%emt 0:00:11]} Kxe4 {[%emt 0:00:09]} 94. Ke2 {[%emt 0:00:11]} Kxd5 {[%emt 0:00:04]} 95. Kd3 {[%emt 0:00:07]} e4+ {[%emt 0:00:52]} 96. Kd2 {[%emt 0:03:18]} Kc4 {[%emt 0:00:13]} 97. Kc2 {[%emt 0:00:40]} d5 {[%emt 0:00:07]} 98. Kd2 {[%emt 0:00:50]} Kb3 {[%emt 0:00:03]} 0-1

[Event "ROU-ch Men 2018"]
[Site "Olanesti"]
[Date "2018.05.21"]
[Round "8"]
[White "Cotruta, Alexandru-Mihai"]
[Black "Pisu, Robert-Daniel"]
[Result "0-1"]
[WhiteElo "1776"]
[BlackElo "2254"]
[Annotator "NA"]
[PlyCount "66"]
[EventDate "2018.??.??"]
[EventType "swiss"]
[EventCountry "ROU"]
[SourceTitle "playchess.com"]
[Source "ChessBase"]
[SourceQuality "1"]
[TimeControl "40/5400+30:1800+30"]

1. d4 {[%emt 0:08:24]} Nf6 {[%emt 0:00:07]} 2. c4 {[%emt 0:00:16]} g6 {[%emt 0:00:11]} 3. Nc3 {[%emt 0:00:14]} Bg7 {[%emt 0:00:13]} 4. e4 {[%emt 0:00:09]} d6 {[%emt 0:00:07]} 5. Bg5 {[%emt 0:00:26]} h6 {[%emt 0:03:16]} 6. Be3 {[%emt 0:00:43]} Ng4 {[%emt 0:07:52] E70: King's Indian: Miscellaneous lines with 4 e4, including 5 Nge2 and 5 Bd3 0-0 6 Nge2} (6... c5 7. d5 Ng4 8. Bd2 Bd4 9. Nh3 e5 10. dxe6 Bxe6 11. Be2 Qd7 12. O-O Ne5 13. Nf4 Bxc4 14. Nfd5 Bxd5 15. Nxd5 {0-1 (27) Tregubov,P (2585)-Banikas,H (2568) Doha 2016}) 7. Bf4 {[%emt 0:09:19]} Nc6 {[%emt 0:15:46]} 8. d5 {[%emt 0:04:21]} Nce5 {[%emt 0:11:32]} 9. h3 $146 {[%emt 0:00:46]} ({Predecessor:} 9. Qd2 g5 10. h3 gxf4 11. hxg4 Nxg4 12. Qxf4 c6 13. Be2 Qb6 14. Nd1 Bxb2 {0-1 (45) Ivanov,I (2351)-Zakharevich,I (2463) Belgorod 2007}) 9... Nf6 {[%emt 0:02:54]} 10. Nf3 {[%emt 0:12:03]} Nxf3+ {[%emt 0:06:33]} 11. Qxf3 {[%emt 0:00:23]} e5 {[%emt 0:01:24]} 12. Be3 {[%emt 0:00:09]} O-O {[%emt 0:01:28]} 13. Bd3 {[%emt 0:00:29]} a6 {[%emt 0:07:02]} 14. c5 {[%emt 0:00:49]} Nh5 {[%emt 0:05:37]} 15. cxd6 {[%emt 0:01:33]} cxd6 {[%emt 0:00:40]} 16. g4 {[%emt 0:00:43]} (16. Rc1 $14) 16... Nf4 {[%emt 0:01:48]} 17. Bxf4 {[%emt 0:00:59]} exf4 {[%emt 0:00:05]} ({Black should play} 17... Qf6 $15) 18. Qxf4 {[%emt 0:00:16]} Qb6 {[%emt 0:02:46]} 19. Qd2 {[%emt 0:00:26]} Bd7 {[%emt 0:05:56]} 20. Ke2 {[%emt 0:11:20]} f5 {[%emt 0:01:42]} 21. gxf5 {[%emt 0:00:06]} gxf5 {[%emt 0:00:12]} 22. Rhg1 {[%emt 0:06:42]} (22. Rag1 $11) 22... f4 {[%emt 0:07:28]} 23. f3 {[%emt 0:04:12]} (23. e5 $11 {keeps the balance.} dxe5 24. Be4) 23... Kh8 {[%emt 0:03:37]} 24. Rg6 {[%emt 0:01:34]} Be8 {[%emt 0:00:36]} 25. Rg4 {[%emt 0:00:16]} (25. Rg2 $11 {keeps the balance.}) 25... Be5 {[%emt 0:00:57]} 26. a4 {[%emt 0:08:24]} Bh5 {[%emt 0:04:09]} 27. a5 {[%emt 0:04:11]} Qd8 {[%emt 0:01:06]} 28. Rg2 {[%emt 0:02:20]} (28. Na4 $1 $15) 28... Qh4 {[%emt 0:00:41]} 29. Qe1 {[%emt 0:00:43]} Bxf3+ {[%emt 0:00:22]} 30. Kxf3 {[%emt 0:01:19]} Qxh3+ {[%emt 0:00:08]} 31. Ke2 $19 {[%emt 0:00:59]} Qxg2+ {[%emt 0:01:29]} 32. Qf2 {[%emt 0:00:23]} f3+ {[%emt 0:00:06]} 33. Ke1 {[%emt 0:00:14]} Bg3 {[%emt 0:00:05]} 0-1

[Event "ROU-ch Men 2018"]
[Site "Olanesti"]
[Date "2018.05.21"]
[Round "8"]
[White "Morariu, Daniel"]
[Black "Paraschiv, Paul-Alexandru"]
[Result "0-1"]
[WhiteElo "1656"]
[BlackElo "2131"]
[Annotator "TA"]
[PlyCount "86"]
[EventDate "2018.??.??"]
[EventType "swiss"]
[EventCountry "ROU"]
[SourceTitle "playchess.com"]
[Source "ChessBase"]
[SourceQuality "1"]

{[%evp 9,86,56,34,9,14,10,13,11,14,0,33,15,5,12,17,0,25,22,25,-46,-49,-74,-64,-76,-65,-81,-67,-74,-76,-104,-103,-108,-108,-117,-115,-109,-109,-110,-103,-114,-122,-127,-106,-148,-142,-183,-183,-168,-185,-185,-165,-184,-133,-229,-108,-310,-304,-445,-431,-443,-427,-577,-572,-29998,-698,-694,-697,-916,-932,-1114,-991,-1243,-1223,-5110,-5110,-5106,-5102,-29982,-29978]} 1. e4 e5 2. f4 d5 3. exd5 Qxd5 4. Nc3 Qe6 5. fxe5 Qxe5+ 6. Qe2 {C31: Falkbeer Counter Gambit: 3 exd5 c6 and 3...e4 sidelines.} (6. Be2 {keeps more tension.} Nc6 7. Nf3 Qd6 8. d4 a6 9. d5) (6. Be2 Bg4 7. d4 Qe6 8. Bf4 Na6 9. d5 Qe7 10. d6 cxd6 11. Qd4 Bxe2 12. Ngxe2 Nf6 13. O-O-O Qd7 14. Qe3+ Qe6 15. Qf3 Qd7 16. Qe3+ Qe6 17. Qf3 Qd7 18. Qe3+ {½-½ (18) Li,H (2257)-Lan,Z (2147) Zhongshan 2014}) 6... Qxe2+ 7. Bxe2 Nf6 8. Nf3 {The position is equal.} Bf5 9. d3 $146 ({Predecessor:} 9. Nb5 Na6 10. Nbd4 Bg4 11. Bb5+ Bd7 12. O-O Bxb5 13. Nxb5 Nd5 {1-0 (62) Metzing,T-Lobbes,F Bergisch Gladbach 1994}) 9... Bc5 10. Bg5 Nbd7 11. O-O-O h6 12. Bh4 O-O {[%cal Bh8f8,Bf8e8,Be8e2][%mdl 32]} 13. a3 Rfe8 14. d4 (14. Rde1 $11) 14... Bd6 $15 15. h3 {[#]} Nd5 $1 {[%mdl 512]} 16. Nxd5 {aiming for Rhe1.} Rxe2 17. Rd2 Rae8 18. Kd1 R2e6 19. Nc3 g5 20. Bf2 Bf4 21. d5 R6e7 $36 {[%mdl 2048] White is under strong pressure.} 22. Nd4 Bxd2 23. Nxf5 Re5 24. Nxh6+ Kh7 {Strongly threatening ...Bxc3.} 25. Kxd2 {Black must now prevent Ng4.} Kxh6 26. Bg3 Rf5 27. Bxc7 Rf2+ 28. Kd3 Rxg2 29. h4 g4 30. Ne4 Kg7 (30... f5 $19 31. Bf4+ Kh7 32. Ng5+ Kg8) 31. b4 {[#]} (31. Bf4 $17) 31... Rc8 (31... f5 $1 $19 {[%cal Rf5e4] is more deadly.} 32. Nd6 Re5) 32. d6 $2 {[#]} (32. Nd6 $17 Ne5+ 33. Kd4 Nf3+ 34. Kd3 Rd2+ 35. Ke3) 32... b6 $1 $19 33. c4 (33. Nc3 {was worth a try.}) 33... f5 34. Ng5 {With the idea Re1.} Re8 35. a4 f4 {( -> ...Re3+)} 36. a5 f3 (36... Re3+ $142 37. Kd4 Rd2#) 37. Ne4 f2 38. Rf1 g3 39. axb6 axb6 40. c5 bxc5 41. bxc5 Rxe4 42. Kxe4 Rg1 43. c6 Nf6+ {Precision: White = 33%, Black = 85%.} 0-1

[Event "ROU-ch Men 2018"]
[Site "Olanesti"]
[Date "2018.05.22"]
[Round "9"]
[White "Istratescu, Andrei"]
[Black "Pribeanu, Mihail-Dacian"]
[Result "1/2-1/2"]
[WhiteElo "2589"]
[BlackElo "2119"]
[Annotator "TA"]
[PlyCount "159"]
[EventDate "2018.??.??"]
[EventType "swiss"]
[EventCountry "ROU"]
[SourceTitle "playchess.com"]
[Source "ChessBase"]
[SourceQuality "1"]

{[%evp 14,159,21,0,39,6,20,20,44,36,39,37,42,15,28,0,0,0,0,0,0,-28,-29,-29,-15,-34,0,-73,-5,-4,0,0,0,0,0,0,0,0,0,0,0,-7,0,0,0,0,25,-41,0,0,0,-41,-41,-42,-42,-59,-64,-61,-61,-56,0,0,21,17,72,72,120,114,120,92,123,106,106,41,66,0,0,0,137,137,142,142,142,142,142,137,142,142,142,142,142,142,142,142,142,0,142,142,142,142,142,137,141,52,102,0,137,0,142,0,142,137,137,137,205,0,137,137,205,185,185,177,171,84,326,184,586,584,546,537,887,493,490,473,458,437,622,622,622,595,584,597,488,489,656,625,598,574]} 1. d4 Nf6 2. c4 g6 3. Nc3 d6 4. e4 Bg7 5. Nf3 O-O 6. h3 Na6 7. g3 {E90: King's Indian: Classical: Early deviations and 6 h3} (7. Be3 c6 8. Rc1 e5 9. d5 cxd5 10. cxd5 Ne8 11. g4 Kh8 12. Be2 f5 13. gxf5 gxf5 14. exf5 Bxf5 15. Ng5 {1-0 (36) Nepomniachtchi,I (2751)-Adhiban,B (2677) Tbilisi 2017}) 7... c5 8. Bg2 {LiveBook: 11 Games} Bd7 9. d5 $146 {White is slightly better.} ({Predecessor:} 9. Be3 Rc8 10. b3 b5 11. cxb5 Bxb5 12. Nxb5 Qa5+ 13. Nd2 Qxb5 14. Qe2 Qxe2+ 15. Kxe2 {0-1 (58) Verat,L (2327)-Mrdja,M (2384) St Chely d'Aubrac 2003}) 9... Nc7 10. a4 Na6 11. O-O Nb4 12. Re1 e5 13. Na2 a5 14. b3 Qc8 15. Kh2 {[#]} Nxe4 $1 {[%mdl 512]} 16. Rxe4 {Hoping for Nxb4.} f5 17. Nc3 fxe4 18. Nxe4 Qc7 {Threatening ...h6.} 19. g4 h6 20. Be3 {[#]} (20. Nh4 $11) 20... Rf7 (20... g5 $1 $17 {With the idea ...b6.} 21. Ng1 Be8) 21. Qd2 $11 Raf8 22. Ng1 Kh7 23. Ne2 Be8 24. N2c3 Qe7 25. Nb5 Bxb5 $1 26. axb5 b6 27. Re1 Qd8 28. Kg1 Ra7 29. Ra1 Rf4 30. Nc3 (30. Bxf4 $11 exf4 31. Rf1) 30... Qh4 (30... Rd4 $5 31. Bxd4 exd4 $11) 31. Re1 Raf7 32. Qe2 {[#]} Rd4 $1 {[%mdl 512]} 33. Rd1 (33. Bxd4 exd4) 33... Bf6 34. f3 Bg7 35. Ne4 Rxe4 36. fxe4 Qe7 (36... Qg3 $15) 37. Qd2 Qf8 38. h4 Qe7 (38... Qa8 $1 $11) 39. g5 $16 h5 40. Qe2 Qd7 41. Kh2 Rf4 42. Bxf4 exf4 43. Bh3 (43. Bf3 $16) 43... Qe7 $14 44. Be6 (44. Kh1 $14) 44... Be5 $11 {And now ...f3+ would win.} 45. Kg2 Kg7 (45... Qa7 $11 {keeps the balance.}) 46. Rf1 $16 Qf8 47. Qd2 Qe7 48. Rf3 Qf8 49. Kf1 Qe7 50. Ke2 Qf8 51. Qd1 Qe7 52. Qc1 Qf8 53. Qd2 Kh7 54. Qc1 Kg7 $1 55. Kf1 Kh7 56. Qd2 Kg7 57. Qh2 Kh7 58. Bd7 ({White should play} 58. Qf2 $16) 58... Qf7 59. Be6 Qf8 60. Qd2 Kg7 $1 61. Ke2 Kh7 62. Kd1 Kg7 63. Qh2 Qe7 {[#]} (63... Kh8 $16) 64. Kd2 $2 ({Better is} 64. Qh3 $1 $18) 64... Qf8 (64... Kh7 $11) 65. Qh1 Qe7 (65... Bd4 $16 {was called for.}) 66. Qf1 Qf8 67. Bd7 Qf7 68. Qh3 (68. Bc8 $18 {is more deadly.}) 68... Qe7 $2 (68... Bd4 $16 {is a better defense.}) 69. Bc6 $18 Kh7 $2 (69... Na2 70. Kc2 Qf7) 70. Qe6 {White is clearly winning.} Qg7 71. Be8 Ba1 72. Qxg6+ Qxg6 73. Bxg6+ Kxg6 74. Rxf4 Be5 (74... Bg7 $142 75. Rf3 Na2) 75. Rf8 Bg3 76. Rb8 Bxh4 77. Rxb6 Bxg5+ 78. Ke2 Bf4 79. Rb8 h4 80. Kf3 {[%mdl 32768] Precision: White = 55%, Black = 46%. . An unexpected result.} 1/2-1/2

[Event "ROU-ch Men 2018"]
[Site "Olanesti"]
[Date "2018.05.22"]
[Round "9"]
[White "Marin, Mihail"]
[Black "Jianu, Vlad-Cristian"]
[Result "1/2-1/2"]
[WhiteElo "2543"]
[BlackElo "2532"]
[Annotator "TA"]
[PlyCount "100"]
[EventDate "2018.??.??"]
[EventType "swiss"]
[EventCountry "ROU"]
[SourceTitle "playchess.com"]
[Source "ChessBase"]
[SourceQuality "1"]

{[%evp 16,100,31,14,6,11,24,19,23,22,28,7,15,6,7,0,43,37,39,28,62,28,145,30,38,26,45,54,45,47,84,57,50,58,58,57,53,0,0,0,0,0,0,0,0,-68,-79,-96,-79,-100,-80,-105,-69,-89,0,0,0,0,0,-19,-13,-4,0,0,0,0,0,0,0,0,0,0,0,0,0,0,0,0,0,0,0,0,0,0,0,0,0]} 1. d4 Nf6 2. Nf3 e6 3. e3 c5 4. Bd3 Nc6 5. O-O Be7 6. b3 {A46: 1 d4 Nf6 2 Nf3 e6: Torre, London and Colle Systems} O-O 7. Bb2 b6 8. c4 Bb7 9. Nbd2 {LiveBook: 39 Games} Qc7 (9... cxd4 10. Nxd4 Nxd4 11. Bxd4 d5 12. Qe2 Qd6 13. Rfd1 Rfd8 14. Nf3 dxc4 15. Bxc4 Qa3 16. Ne5 {½-½ (51) Ushenina,A (2494)-Hou,Y (2673) Beijing 2014}) 10. Rc1 d6 11. Qe2 Rfe8 12. Rfd1 Rad8 $146 ({Predecessor:} 12... a5 13. a4 Nb4 14. Bb1 Nd7 15. Ne4 Na2 16. Nxd6 Bxd6 17. Bxa2 Bxf3 18. Qxf3 Bxh2+ {½-½ (49) Dimitrijevic,S (2260)-Popovic,P (2102) Belgrade 2005}) 13. Bb1 Qb8 14. Nf1 cxd4 15. exd4 Qa8 16. Ne3 d5 17. h3 Bf8 18. Ne5 dxc4 {[#]} (18... g6 $11) 19. Nxc6 ({Don't play} 19. N3xc4 $6 g6 $11) ({Worse is} 19. Rxc4 Ba6 $11) ({Reject} 19. Qxc4 $6 Nxe5 20. dxe5 Ne4 $11) (19. N5xc4 $6 Ne7 $11) ({White has to play} 19. Nxf7 $1 $16 {Black must now prevent d5.} Kxf7 20. d5 Rxd5 21. Rxd5 exd5 22. Bxf6 Rxe3 23. fxe3 gxf6 24. bxc4) 19... Bxc6 $11 20. bxc4 {aiming for d5!} Bb7 {[#]} 21. d5 $1 {[%mdl 512]} e5 $1 (21... exd5 22. Bxf6) 22. a4 g6 23. Ng4 Nxg4 24. hxg4 Qc8 25. g5 Ba6 26. Bxe5 (26. Bd3 $14) 26... Bg7 (26... Bd6 $5 27. f4 $8 Bxe5 28. fxe5 Qc5+ 29. Kh1 Qe7 $11) 27. f4 Qc5+ 28. Kh1 Bxe5 29. fxe5 Qe7 30. Rc3 ({White should try} 30. Bd3 $11) 30... Qxg5 $15 31. Kg1 Rxe5 32. Qf2 Qe7 33. Rf1 f5 34. a5 Qc5 (34... b5 $17 35. cxb5 Bxb5) 35. axb6 $1 $11 {The position is equal.} axb6 36. Qxc5 bxc5 37. Rfc1 Rb8 38. Bd3 Rb6 39. Ra1 Re3 40. Rca3 Kf7 41. Rxa6 Rxa6 42. Rxa6 {Hoping for Bf1.} Rxd3 {[%mdl 4096] Endgame KR-KR} 43. Rc6 f4 44. Rxc5 Kf6 45. Rc7 Rd4 46. Rxh7 Rxc4 47. d6 Rd4 48. d7 Ke6 49. Rg7 Kf6 50. Rh7 $1 Ke6 {Precision: White = 66%, Black = 49%.} 1/2-1/2

[Event "ROU-ch Men 2018"]
[Site "Olanesti"]
[Date "2018.05.22"]
[Round "9"]
[White "Georgescu, Tiberiu-Marian"]
[Black "Deac, Bogdan-Daniel"]
[Result "1/2-1/2"]
[WhiteElo "2476"]
[BlackElo "2575"]
[Annotator "TA"]
[PlyCount "29"]
[EventDate "2018.??.??"]
[EventType "swiss"]
[EventCountry "ROU"]
[SourceTitle "playchess.com"]
[Source "ChessBase"]
[SourceQuality "1"]

{[%evp 13,29,12,14,0,7,4,26,26,25,27,27,20,14,20,16,20,29,29]} 1. d4 Nf6 2. Nf3 d5 3. c4 e6 4. Nc3 a6 5. c5 (5. cxd5 exd5 6. Bg5 Be6 7. e3 Nbd7 8. Bd3 Bd6 9. Bf4 Qe7 10. O-O O-O 11. h3 c6 12. Qc2 Rfe8 13. Rae1 g6 {1-0 (40) Aronian,L (2801)-Oleksienko,M (2615) Germany 2018}) 5... b6 6. cxb6 {D37: Damengambit (5.Lf4)} cxb6 7. Bf4 Bd6 {LiveBook: 6 Partien} 8. Ne5 {Die Stellung ist ausgeglichen.} O-O 9. e3 Bb7 10. Bd3 Nc6 11. Nxc6 $146 ({Vorgänger:} 11. Qf3 Ne7 12. Bg5 Ng6 {1-0 (64) Ye,R (2461)-Chen,Q (2346) Shenzhen 2017}) 11... Bxc6 12. Bxd6 Qxd6 13. O-O Rfc8 14. Qb3 Bb7 15. Rfc1 1/2-1/2